<?xml version="1.0" encoding="UTF-8"?>
<marc:record xmlns:marc="http://www.loc.gov/MARC21/slim">
   <marc:leader>00000nam a2200000 a 4500</marc:leader>
   <marc:datafield ind1="1" ind2=" " tag="100">
      <marc:subfield code="a">Zenker, Helmut</marc:subfield>
      <marc:subfield code="4">aut</marc:subfield>
      <marc:subfield code="e">Verfasser/-in</marc:subfield>
   </marc:datafield>
   <marc:datafield ind1="1" ind2=" " tag="100">
      <marc:subfield code="a">Resetarits, Lukas</marc:subfield>
      <marc:subfield code="4">ctb</marc:subfield>
      <marc:subfield code="e">Mitwirkende/-r</marc:subfield>
   </marc:datafield>
   <marc:datafield ind1=" " ind2=" " tag="653">
      <marc:subfield code="a">Cassette</marc:subfield>
   </marc:datafield>
   <marc:datafield ind1="0" ind2="0" tag="245">
      <marc:subfield code="a">Kleine Mann - was nun?</marc:subfield>
   </marc:datafield>
   <marc:datafield ind1="0" ind2="0" tag="245">
      <marc:subfield code="c">Helmut Zenker ; Sprecher: Lukas Resetarits</marc:subfield>
   </marc:datafield>
   <marc:datafield ind1=" " ind2="1" tag="264">
      <marc:subfield code="a">S.l.] @</marc:subfield>
      <marc:subfield code="b">SONY BMG Music Entertainment (Austria)</marc:subfield>
      <marc:subfield code="c">2006</marc:subfield>
   </marc:datafield>
   <marc:datafield ind1="1" ind2=" " tag="520">
      <marc:subfield code="a">Angaben aus der Verlagsmeldung

Kleine Mann - was nun? / von Helmut Zenker

Mit einem Toten auf der Kühlerhaube ihres Taxis endet für die Detektivin
eine durchzechte Nacht. Da Christian Votruba nicht durch den Wagen,
sondern durch eine Gewehrkugel zu Fall gebracht wurde, dauert es nicht
lange, bis sich Minnis Intimfeind Oberst Lucky Bittner am Tatort blicken
lässt. Unermüdlich kämpft sich die Mann durch ein Verwirrspiel aus
spendierfreudigen AuftraggeberInnen und prominenten Erpressungsopfern,
die das plötzliche Ableben des amtsbekannten Besitzers von
Spiel- und Animierclubs nicht besonders traurig stimmt.
</marc:subfield>
   </marc:datafield>
   <marc:datafield ind1=" " ind2=" " tag="020">
      <marc:subfield code="a">9783902560117</marc:subfield>
      <marc:subfield code="9">9783902560117</marc:subfield>
   </marc:datafield>
   <marc:datafield ind1=" " ind2=" " tag="041">
      <marc:subfield code="a">ger</marc:subfield>
   </marc:datafield>
   <marc:datafield ind1=" " ind2=" " tag="300">
      <marc:subfield code="a">2 Teile</marc:subfield>
   </marc:datafield>
</marc:record>
